000 01683cam a2200433 i 4500
001 200459243
003 TR-AnTOB
005 20250716161718.0
007 ta
008 240103s2022 tu abc b 001 0 tur d
020 _a9789751751966
_q(paperback)
020 _a9751751969
035 _a.b107312402
035 _a(TR-AnTOB)200459243
040 _aCUY
_beng
_erda
_cCUY
_dOCLCF
_dYUS
_dOSU
_dUtOrBLW
_dTR-AnTOB
041 0 _atur
043 _aa-tu---
050 4 _aJV8745
_b.İ64 2022
090 _aJV8745
_b.İ64 2022
100 1 _aİpek, Nedim
_eauthor
_912948
245 1 0 _aMemalik-i Şahanede muhaceret /
_cNedim İpek.
264 1 _aAnkara :
_bTürk Tarih Kurumu,
_c2022.
300 _axiii, 456 pages :
_billustrations, maps, portraits ;
_c24 cm
336 _atext
_btxt
_2rdacontent
337 _aunmediated
_bn
_2rdamedia
338 _avolume
_bnc
_2rdacarrier
490 0 _aTürk Tarih Kurumu yayınları ;
_vIV/A-2-2.5. dizi-sayı 18
504 _aBIBINDX
505 0 _aKafkasya, savaş ve göç -- Balkanlarda isyan, savaş ve göç -- Birinci Dünya Savaşı ve göç -- Göç etkisi
650 7 _aRus-Türk Savaşı, 1828-1829
_xMülteciler
_zTürkiye
_2etuturkob
_9144681
650 7 _aRus-Türk Savaşı, 1877-1878
_xMülteciler
_zTürkiye
_2etuturkob
_9144682
650 7 _aKırım Savaşı, 1853-1856
_xMülteciler
_zTürkiye
_2etuturkob
_9144683
650 7 _aDünya Savaşı, 1914-1918
_xMülteciler
_zTürkiye
_2etuturkob
_9144684
651 7 _aTürkiye
_xGöç ve göçmenlik
_xTarih
_y19. yüzyıl
_2etuturkob
_9100482
655 0 _aHistory
_2fast
_9115099
710 2 _aTürk Tarih Kurumu
_eissuing body
_946395
942 _2lcc
_cBK
999 _c200459243
_d77455